000 01031nam a2200313 i 4500
001 bg
003 KOSZ 005
005 20200504121013.0
008 060609s1965 pl a f f 000 0 pol
015 _aPB 1965/5097
040 _aWA N
_cKOSZ 005/RW
_dKOSZ 005/RW
080 _a624.014.2
080 _a624.04
080 _a(075.8)
100 1 _aBródka, Jan
_d(1929- )
_eAutor
245 1 0 _aSprężone konstrukcje stalowe /
_cJan Bródka, Jan Kłobukowski.
260 _aWarszawa :
_bArkady,
_c1965.
300 _a225, [2] s. :
_bil. ;
_c24 cm.
380 _aKsiążki
504 _aBibliogr. przy rozdz.
521 _aDla inżynierów i studentów wyższ. uczelni techn.
655 4 _aPodręczniki akademickie
650 4 _aKonstrukcje stalowe
650 4 _aKonstrukcje sprężone
700 1 _aKłobukowski, Jan.
710 2 _aWydawnictwo "Arkady".
_4pbl.
856 _uhttp://koha.tu.koszalin.pl/cgi-bin/koha/opac-detail.pl?biblionumber=7920
_yKatalog online BPK
942 _2UKD
_cKS
999 _c7920
_d7920